| 000 | | | 04443cmc2a2200265 x 450 |
| 001 | | | 84c3dd38-569c-40dd-904a-9f2f23ef55f9 |
| 005 | | | 20170127093203.0 |
| 100 | ## | $a | 20150925l17501887k###0rusy0189 ca |
| 101 | 0# | $a | rus |
| 102 | ## | $a | RU |
| 200 | 1# | $a | 1750-1887 гг. |
| 215 | ## | $a | 1264 eдиницы xранения |
| 251 | ## | $c | Опись |
| 327 | ## | $a | Планы, фасады, разрезы правительственных зданий, учебных и лечебных заведений, церквей и других зданий разных городов России. Kалужская-Олонецкая губернии |
| 461 | #0 | $1 | 0017de747d8-0bd1-4ece-96d5-295c99cc9c03 |
| | $1 | 2001 |
| | $a | Планы и чертежи гражданской архитектуры (коллекция) |
| | $j | 1747-1916 |
| | $v | Оп. 2 |
| | $1 | 251 |
| | $c | Фонд |
| | $a | 5 описей |
| | $1 | 852 |
| | $j | 1488 |
| | $a | РГИА |
| | $p | RU |
| | $1 | 71001 |
| | $3 | RU\NLR\AUTH\889933531 |
| | $a | Россия |
| | $b | Депо карт |
| 601 | 01 | $a | Россия |
| | $b | Депо карт |
| | $j | Архивы |
| | $2 | prlib_sh |
| | $3 | LIBNET\UAF\0000060519 |
| 605 | ## | $2 | acquisition_Prlib |
| | $3 | DITM\AF\0000002775 |
| | $a | Власть |
| | $l | коллекция |
| 605 | ## | $2 | acquisition_Prlib |
| | $3 | DITM\AF\0000004675 |
| | $a | Территория |
| | $l | коллекция |
| 606 | 1# | $a | Города |
| | $x | Планировка и строительство |
| | $y | Россия |
| | $j | Архивы |
| | $2 | nlr_sh |
| | $3 | RU\NLR\AUTH\661276567 |
| 606 | 1# | $a | Здания |
| | $y | Россия |
| | $j | Архивы |
| | $2 | prlib_sh |
| | $3 | LIBNET\UAF\0000060520 |
| 686 | ## | $a | 63.3(2)5ю1 |
| | $v | LBC/M |
| | $2 | rubbk |
| 801 | #0 | $a | RU |
| | $b | ПБ им. Б.Н. Ельцина |
| | $c | 20150925 |
| 801 | #1 | $a | RU |
| | $b | ПБ им. Б.Н. Ельцина |
| | $c | 20150925 |
| | $2 | rusmarc |
| 801 | #2 | $a | RU |
| | $b | ПБ им. Б.Н. Ельцина |
| | $c | 20150925 |
| | $g | RCR |
| | $2 | rusmarc |
| 852 | ## | $a | РГИА |
| | $j | 2 |
| | $p | RU |
| 856 | 4# | $n | ПБ им. Б.Н. Ельцина |
| | $u | http://www.prlib.ru/Lib/pages/item.aspx?itemid=129069 |
| 035 | ## | $a | LIBNET\0000586802 |
| 937 | ## | $d | 53847003 |
| | $h | ПБ |